| 000 | 00827nam a2200229 a 4500 | ||
|---|---|---|---|
| 001 | 000030695 | ||
| 003 | OSt | ||
| 005 | 20201124081712.0 | ||
| 008 | 110526s1955 dr c r 000 | spa d | ||
| 040 |
_aDO-SdBNP _bspa _cBNPHU |
||
| 082 | 4 |
_a923.17293 _b H549V 1955 _222 |
|
| 100 | 1 |
_aVega, Augusto _954278 |
|
| 245 | 1 | 0 |
_aAnécdotas de Ulises Heureaux : _bLilis 1846-1899 / _cAugusto Vega. |
| 250 | _a2a ed. | ||
| 260 |
_aCiudad Trujillo, República Dominicana : _bImpresora Dominicana, _c1955. |
||
| 300 |
_a84 p. : _bil., retr. ; _c21 cm. |
||
| 500 | _aIncluye referencias bibliográficas y notas al pie de las páginas. | ||
| 590 | _aInventariado, 2019/BT | ||
| 600 | 1 | 4 |
_aHeureaux, Ulises, _d1846-1899 _vAnécdotas, chistes, sátiras, etc. _977380 |
| 910 | _aValidado. Control de calidad MFF | ||
| 942 |
_2ddc _cLBS1 |
||
| 999 |
_c30187 _d30187 |
||